Construcción de un futuro para Colombia desde sus territorios / (Registro nro. 6677)

Detalles MARC
000 -LEADER
fixed length control field 01765nam a2200289Ia 4500
003 - CONTROL NUMBER IDENTIFIER
control field OSt
005 - DATE AND TIME OF LATEST TRANSACTION
control field 20200507112639.0
008 - FIXED-LENGTH DATA ELEMENTS--GENERAL INFORMATION
fixed length control field 191128s2003 ck a gr 000 0 spa d
020 ## - INTERNATIONAL STANDARD BOOK NUMBER
International Standard Book Number 958802546X
040 ## - CATALOGING SOURCE
Original cataloging agency CO-JMCR
Transcribing agency CO-JMCR
041 0# - LANGUAGE CODE
Language code of text/sound track or separate title spa
082 04 - DEWEY DECIMAL CLASSIFICATION NUMBER
Classification number 307.098 /
Item number P838c
100 1# - MAIN ENTRY--PERSONAL NAME
Personal name Porras Vallejo, Oswaldo Aharón,
Relator term autor
9 (RLIN) 4067
245 10 - TITLE STATEMENT
Title Construcción de un futuro para Colombia desde sus territorios /
Statement of responsibility, etc. Oswaldo Aharón Porras Vallejo, José Oswaldo Espinosa Cuervo, Hernando González Murillo, Óscar Ismael Sánchez Romero [y otros 2]
246 ## - VARYING FORM OF TITLE
Title proper/short title Título en la cubierta: Memorias Seminario Nacional, Bogotá, mayo 14-15 de 2003
260 ## - PUBLICATION, DISTRIBUTION, ETC.
Place of publication, distribution, etc. Bogotá :
Name of publisher, distributor, etc. Departamento Nacional de Planeación,
Date of publication, distribution, etc. 2003
300 ## - PHYSICAL DESCRIPTION
Extent 214 páginas :
Other physical details ilustraciones en blanco y negro ;
Dimensions 28 cm.
505 ## - FORMATTED CONTENTS NOTE
Formatted contents note Instalación del seminario -- Procesos de planeación estratégica regional -- Procesos de planeación estratégica departamental -- Otras experiencias en materia de planeación estratégica en Colombia -- Experiencia internacional en materia de planeación estra
520 ## - SUMMARY, ETC.
Summary, etc. La publicación de las memorias del seminario nacional: "Construcción de un futuro para Colombia desde sus territorios", realizado los días 14 y 15 de mayo de 2003 en la ciudad de Bogotá, constituye un aporte del Departamento Nacional de Planeación.
650 14 - SUBJECT ADDED ENTRY--TOPICAL TERM
Topical term or geographic name entry element Prospectiva Planificación estratégica
General subdivision Congresos, reuniones
9 (RLIN) 4068
650 24 - SUBJECT ADDED ENTRY--TOPICAL TERM
Topical term or geographic name entry element Planificación regional
General subdivision Entidades territoriales
9 (RLIN) 4069
650 24 - SUBJECT ADDED ENTRY--TOPICAL TERM
Topical term or geographic name entry element Desarrollo social
General subdivision Planificación participativa
9 (RLIN) 4070
700 1# - ADDED ENTRY--PERSONAL NAME
Personal name Espinosa, José Oswaldo,
Relator term autor
9 (RLIN) 4071
700 1# - ADDED ENTRY--PERSONAL NAME
Personal name González Murillo, Hernando, ;
Relator term autor
9 (RLIN) 4072
710 1# - ADDED ENTRY--CORPORATE NAME
Corporate name or jurisdiction name as entry element Sánchez Romero, Óscar Ismael,
9 (RLIN) 4073
942 ## - ADDED ENTRY ELEMENTS (KOHA)
Source of classification or shelving scheme Dewey Decimal Classification
Koha item type Books
Existencias
Withdrawn status Lost status Source of classification or shelving scheme Damaged status Not for loan Home library Current library Shelving location Date acquired Source of acquisition Cost, normal purchase price Total Checkouts Full call number Barcode Date last seen Copy number Price effective from Koha item type
    Dewey Decimal Classification     Biblioteca Pública José María del Castillo y Rada Biblioteca Pública José María del Castillo y Rada General Stacks 04/15/2018 Donación 0.00   307.098 / P838c 430001194 05/16/2024 Ej.1 05/07/2020 Books